Essays at home for plus two, B.A. & all competitions / (Record no. 52963)

MARC details
000 -LEADER
fixed length control field 00991nam a22003137a 4500
005 - DATE AND TIME OF LATEST TRANSACTION
control field 20110616122438.0
008 - FIXED-LENGTH DATA ELEMENTS--GENERAL INFORMATION
fixed length control field 110616t xxu||||| |||| 00| 0 eng d
010 ## - LCCN (DPL NO)
LC control number ENG-102624
020 ## - INTERNATIONAL STANDARD BOOK NUMBER
Terms of availability 250.00
International Standard Book Number 8187100796
035 ## - SYSTEM CONTROL NUMBER
System control number EN-86157
037 ## - SOURCE OF ACQUISITION
Source of stock number/acquisition DBAD / PUB
040 ## - CATALOGING SOURCE
Original cataloging agency dpl
Language of cataloging English
082 ## - DEWEY DECIMAL CLASSIFICATION NUMBER
Classification number 808.84
100 ## - MAIN ENTRY--PERSONAL NAME
9 (RLIN) 28493
Personal name Bhushan, S.
110 ## - MAIN ENTRY--CORPORATE NAME
9 (RLIN) 28532
245 ## - TITLE STATEMENT
Title Essays at home for plus two, B.A. & all competitions /
Statement of responsibility, etc by S. Bhushan [and] A. Ganguly
260 ## - PUBLICATION, DISTRIBUTION, ETC. (IMPRINT)
Place of publication, distribution, etc New Delhi
Name of publisher, distributor, etc Ocean Books
Date of publication, distribution, etc 2010
270 ## - ADDRESS
Address 4/19, Asaf Ali Road
City New Delhi
Postal code 110002
300 ## - PHYSICAL DESCRIPTION
Extent 240p.
Dimensions 22cm (Hb)
600 ## - SUBJECT ADDED ENTRY--PERSONAL NAME
9 (RLIN) 28594
610 ## - SUBJECT ADDED ENTRY--CORPORATE NAME
9 (RLIN) 28529
650 ## - SUBJECT ADDED ENTRY--TOPICAL TERM
9 (RLIN) 28580
651 ## - SUBJECT ADDED ENTRY--GEOGRAPHIC NAME
9 (RLIN) 28530
700 ## - ADDED ENTRY--PERSONAL NAME
9 (RLIN) 28520
Personal name Ganguly, A.
710 ## - ADDED ENTRY--CORPORATE NAME
9 (RLIN) 28535
942 ## - ADDED ENTRY ELEMENTS (KOHA)
Source of classification or shelving scheme Dewey Decimal Classification
Item type English Books
Call number suffix BHU
Classification part 808.84
Holdings
Withdrawn status Lost status Source of classification or shelving scheme Damaged status Not for loan Collection code Home library Current library Date acquired Source of acquisition Cost, normal purchase price Total Checkouts Full call number Barcode Date last seen Copy number Cost, replacement price Koha item type
    Dewey Decimal Classification   Not For Loan Non-fiction D.B.Act.Division D.B.Act.Division 16/06/2011 DBAD/PUB 250.00   808.84 BHU EN-86157 16/06/2011 1 250.00 English Books

© Delhi Public Library
Hit Counter
free hit counter